Cómo valorar la calidad en la enseñanza basada en las TIC : (Record no. 143371)

MARC details
000 -CABECERA
campo de control de longitud fija 00740nam a2200205 u 4500
005 - FECHA Y HORA DE LA ÚLTIMA TRANSACCIÓN
campo de control 20231108063718.0
008 - ELEMENTOS DE LONGITUD FIJA--INFORMACIÓN GENERAL
campo de control de longitud fija 090619s2008 es r 000 0 spa d
020 ## - NÚMERO INTERNACIONAL NORMALIZADO PARA LIBROS
Número Internacional Estándar del Libro 9788478275304
035 ## - NÚMERO DE CONTROL DEL SISTEMA
Número de control de sistema UPN01000171266
049 ## - COLECCIÓN
Colección CG
050 #4 - SIGNATURA TOPOGRÁFICA DE LA BIBLIOTECA DEL CONGRESO
Número de clasificación LB1028.35
Número de documento/Ítem C6.5
245 00 - MENCIÓN DE TÍTULO
Título Cómo valorar la calidad en la enseñanza basada en las TIC :
Resto del título pautas e instrumentos de análisis /
Mención de responsabilidad, etc. coord. Elena Barberà.
260 ## - PUBLICACIÓN, DISTRIBUCIÓN, ETC.
Lugar de publicación, distribución, etc. Barcelona, Esp. :
Nombre del editor, distribuidor, etc. Graó,
Fecha de publicación, distribución, etc. 2008.
300 ## - DESCRIPCIÓN FÍSICA
Extensión 201 p.
440 #0 - MENCIÓN DE SERIE/ASIENTO SECUNDARIO--TÍTULO
Título Crítica y fundamentos.
Nombre de parte o sección de la obra Tecnologías de la información y de la comunicación ;
Designación de volumen o secuencia 19
650 #4 - ASIENTO SECUNDARIO DE MATERIA - TERMINO TEMATICO
Término de materia o nombre geográfico como elemento de entrada Tecnología educativa
9 (RLIN) 4978
650 #2 - ASIENTO SECUNDARIO DE MATERIA - TERMINO TEMATICO
Término de materia o nombre geográfico como elemento de entrada Tecnología de la información
9 (RLIN) 4816
700 1# - ASIENTO SECUNDARIO--NOMBRE DE PERSONAL
Nombre de persona Barberà Gregori, Elena,
Término indicativo de función/relación coaut.
9 (RLIN) 33924
905 ## - TIPO DE MATERIAL
Tipo de material Libro
Holdings
Estado de retiro Estado de pérdida Fuente del sistema de clasificación o colocación Estado dañado No para préstamo Código de colección Localización permanente Ubicación/localización actual Ubicación en estantería Total de préstamos Clasificación Código de barras Fecha visto por última vez Número de copia Tipo de ítem Koha Fecha de adquisición Renovaciones totales Fecha del último préstamo
    Library of Congress Classification     Colección General Bib. Gregorio Torres Quintero Bib. Gregorio Torres Quintero Planta baja 21 LB1028.35 C6.5 265739 31/12/2020 1 Libro      
    Library of Congress Classification     Colección General Bib. Gregorio Torres Quintero Bib. Gregorio Torres Quintero Planta baja 31 LB1028.35 C6.5 265738 14/11/2024 1 Libro 14/10/2024 1 14/10/2024
    Library of Congress Classification     Colección General Bib. Gregorio Torres Quintero Bib. Gregorio Torres Quintero Planta baja 25 LB1028.35 C6.5 265740 31/12/2020 1 Libro